Política social y envejecimiento /
Gardado en:
| Autor Principal: | |
|---|---|
| Formato: | Texto |
| Etiquetas: |
Engadir etiqueta
Sen Etiquetas, Sexa o primeiro en etiquetar este rexistro!
|
MARC
| LEADER | 00000 a a2200000 04500 | ||
|---|---|---|---|
| 001 | 46251 | ||
| 003 | |||
| 040 | |||
| 090 | |a REV1520 19(77) 2013 | ||
| 100 | |a Welti-Chanes, Carlos | ||
| 245 | |a Política social y envejecimiento / |c Carlos Welti-Chanes | ||
| 590 | |a DISEMINAR052014 | ||
| 773 | |g volumen19, número77, (2013), páginas 25-59 : tablas | ||
| 999 | |c 26526 |d 26526 | ||
